000 01184nam a22003377a 4500
001 694
005 20230926135543.0
020 _a9780375828065 (trade)
020 _a9780375928062 (lib.bdg.)
020 _a9780375828072 (pbk.)
040 _aDLC
_cDLC
_dDLC
_beng
050 0 0 _aPZ7.P2197
_bJre 2004
082 0 0 _a[Fic]
_222
100 1 _aPark, Barbara.
245 1 0 _aJunie B., first grader :
_bboo --and I mean it! /
_cBarbara Park ; illustrated by Denise Brunkus.
246 3 _aBoo --and I mean it!
250 _aFirst Scholastic printing, October 2005
260 _aNew York :
_bScholastic;
_c2005.
300 _a86 pages :
_billustrations ;
_c20 cm.
490 1 _aJunie B. Jones ;
_vBook 24.
500 _a"A Stepping Stone book."
505 _aK
520 _aWith Halloween approaching, Junie B. needs to find a costume that will scare off the real witches and ghosts that she believes will be out on the holiday.
521 _a510
_bLexile
521 _aK
_bRaz-Plus
650 1 _aHalloween
_vFiction.
650 1 _aFear
_vFiction.
700 1 _aBrunkus, Denise,
_eillustator.
906 _a7
_bcbc
_corignew
_d1
_eecip
_f20
_gy-gencatlg
942 _2ddc
_cBK
_n0
999 _c694
_d694